| 000 | 01018nam a2200289Ia 4500 | ||
|---|---|---|---|
| 001 | 050592 | ||
| 008 | 221003m2017 xx 000 0 spa d | ||
| 035 | _aCENDO_40514 | ||
| 041 | _aspa | ||
| 110 |
_aCCOO. _bConfederación Sindical. _bSecretaría de Mujeres e Igualdad. _929615 |
||
| 245 | 0 |
_a28 de septiembre 2017 : _bDía Mundial por el Acceso al Aborto Legal y Seguro : Por los Derechos Sexuales y Reproductivos / _cSecretaría Confederal de Mujeres e Igualdad |
|
| 260 |
_a[Madrid] : _bSecretaría Confederal de Mujeres e Igualdad, _c2017 |
||
| 300 |
_a2 p. ; _c 30 cm |
||
| 650 |
_aMUJERES _9199 |
||
| 650 | 0 |
_aDIA MUNDIAL POR EL ACCESO AL ABORTO LEGAL Y SEGURO _939824 |
|
| 650 | 0 |
_aABORTO _94300 |
|
| 650 |
_aSEXUALIDAD _910298 |
||
| 650 |
_aREPRODUCCION _92949 |
||
| 650 | 0 |
_aACTITUD SINDICAL _961 |
|
| 856 |
_zPDF _uhttp://docpublicos.ccoo.es/cendoc/050592DiaMundialAccesoAborto.pdf |
||
| 901 | _a2 | ||
| 903 | _aNO | ||
| 904 | _a000 | ||
| 910 | _a2017 | ||
| 942 |
_cDOCU_ELEC _2ddc |
||
| 999 |
_c40513 _d40513 |
||